000
00297nam a22001337a 4500
008
171016b xxu||||| |||| 00| 0 eng d
020
_a
9780538453059
041
_a
eng
080
_2
6TH
_a
33
100
_a
52
101
_a
EKO
245
_a
PRINCIPLES OF ECONOMICS
_c
MANKIW,N,G
942
_2
udc
_c
BK
999
_c
34177
_d
34177